Množstvá vytriedeného zberového papiera sa zdesaťnásobili Združenie SEZO-Spiš úspešne rozbehlo triedenie odpadu v regióne, kde žije 126 tisíc obyvateľov

Podrobná bibliografia
Médium: Článok
Jazyk:Slovak
Témy:
Zdroj: 1. 21. storočie : magazín pre priemyselnú ekológiu 1. Roč. 18, č. 1 (2016) 1. 1335-874X
2. Príl.: 2. Recyklačný priemysel 2. Č. 1 (2016), s. 50-51
LEADER 01191nab#a2200385#ar4500
001 000117469
003 SVKKK
005 20160711061622.0
008 160711c2016 xo |||||||||||||||b|slo
FMT
015 |a SNBRB2016/07 
038 |a SVKKK 
040 |a SVKKK  |b slo  |e AACR2 
041 0 |a slo 
044 |a xo  |c SK 
080 |a 502.17  |2 2011 
080 |a 502.173  |2 2011 
080 |a 628.477.6  |2 2011 
245 1 0 |a Množstvá vytriedeného zberového papiera sa zdesaťnásobili  |b Združenie SEZO-Spiš úspešne rozbehlo triedenie odpadu v regióne, kde žije 126 tisíc obyvateľov  |c [autor] (rab/eva) 
300 |b Fotogr. 
610 2 4 |a Združenie SEZO-Spiš (Slovensko) 
650 0 4 |a ochrana životného prostredia 
650 0 4 |a odpadové hospodárstvo 
650 0 4 |a triedenie odpadu 
650 0 4 |a zberový papier 
650 0 4 |a recyklácia 
773 0 |t 21. storočie : magazín pre priemyselnú ekológiu  |g Roč. 18, č. 1 (2016)  |x 1335-874X 
773 0 |i Príl.:  |t Recyklačný priemysel  |g Č. 1 (2016), s. 50-51 
974 |a Va 
992 |a RBX 
BAS
852 |a SVKKK  |b BIB 
856 4 1 |a http://www.21storocie.sk/data/1_2016_web.pdf 
EXP
998 |a GEO